[Event "5.Oldie Turnier"]
[Site "Klingenberg am Main"]
[Date "2009.04.18"]
[Round "2"]
[White "Star Ruby, Novag"]
[Black "Dallas 68020, Mephisto"]
[Result "1/2-1/2"]
[WhiteElo "2036"]
[BlackElo "2093"]
[PlyCount "86"]
[EventDate "2009.04.18"]
[EventType "team-tourn"]
[EventCountry "GER"]

1. e4 c5 2. Nf3 Nc6 3. d4 cxd4 4. Nxd4 Nf6 5. Nc3 e5 6. Ndb5 d6 7. Bg5 a6 8.
Bxf6 gxf6 9. Na3 b5 10. Nd5 f5 11. exf5 Qa5+ 12. c3 Bg7 13. Qh5 Qd8 14. f6 Bf8
15. Bd3 Be6 16. Be4 Rc8 17. Qf3 Bxd5 18. Bxd5 Qb6 19. Qh5 Rc7 20. O-O h6 21.
Rad1 Rg8 22. Rfe1 Rg5 23. Qf3 Nd8 24. Qe3 Qxe3 25. fxe3 h5 26. c4 b4 27. Nc2 a5
28. Rf1 h4 29. Kf2 Rg6 30. Ke2 Ne6 31. Be4 Rg4 32. Kf3 Rg8 33. Bd5 Nc5 34. Rf2
Na4 35. Rb1 Nb6 36. b3 Nxd5 37. cxd5 Bh6 38. a3 Rg6 39. Ke4 Rg4+ 40. Kf3 Rg6
41. Ke4 Rg4+ 42. Kf5 Rg5+ 43. Ke4 Rg4+ 1/2-1/2

[Event "5.Oldie Turnier"]
[Site "Klingenberg am Main"]
[Date "2009.04.18"]
[Round "2"]
[White "Turquoise, Novag"]
[Black "Lyon 68020, Mephisto"]
[Result "0-1"]
[WhiteElo "2021"]
[BlackElo "2140"]
[PlyCount "84"]
[EventDate "2009.04.18"]
[EventType "team-tourn"]
[EventCountry "GER"]

1. d4 d5 2. c4 c6 3. Nc3 dxc4 4. e4 e5 5. Nf3 exd4 6. Qxd4 Qxd4 7. Nxd4 Nf6 8.
f3 Bc5 9. Be3 Nbd7 10. Bxc4 O-O 11. Rd1 Ne5 12. Bb3 Re8 13. O-O Be6 14. Bxe6
fxe6 15. Nc2 Bxe3+ 16. Nxe3 Rad8 17. Kf2 Nh5 18. g3 Rxd1 19. Rxd1 Rf8 20. f4 g5
21. f5 Ng7 22. g4 Kf7 23. h3 Ke7 24. Kg3 h5 25. Kg2 a5 26. Kf2 hxg4 27. hxg4
Ne8 28. Kg3 Nf6 29. Rd2 Rh8 30. a3 Rh4 31. fxe6 Kxe6 32. Rd8 Nexg4 33. Nc4 Ne5
34. Nxa5 b6 35. Nb3 Nxe4+ 36. Nxe4 Rxe4 37. Nd2 Re3+ 38. Kf2 Rd3 39. Re8+ Kd7
40. Rxe5 Rxd2+ 41. Re2 Rxe2+ 42. Kxe2 Kd6 0-1

[Event "5.Oldie Turnier"]
[Site "Klingenberg am Main"]
[Date "2009.04.18"]
[Round "3"]
[White "Amsterdam, Mephisto"]
[Black "Designer 2325, Fidelity"]
[Result "0-1"]
[WhiteElo "1943"]
[BlackElo "2156"]
[PlyCount "130"]
[EventDate "2009.04.18"]
[EventType "team-tourn"]
[EventCountry "GER"]

1. e4 c5 2. Nf3 d6 3. Bc4 e6 4. d4 cxd4 5. Nxd4 Nf6 6. Nc3 Nc6 7. Bb3 a6 8. O-O
Bd7 9. Be3 Na5 10. Qd2 Be7 11. Nf3 O-O 12. Rad1 Rc8 13. h3 Qc7 14. Bf4 Nxb3 15.
cxb3 Bc6 16. Qd3 Qa5 17. Rfe1 Rfd8 18. Qe3 d5 19. exd5 Nxd5 20. Nxd5 Bxd5 21.
a3 Bc5 22. Qe2 Bxb3 23. Rd3 Qb6 24. Rc3 f6 25. Be3 Bxe3 26. Qxe3 Qxe3 27. Rexe3
Bd5 28. Nd4 e5 29. Nf5 Kf8 30. Red3 Be6 31. Rxc8 Rxc8 32. Ne3 Rc1+ 33. Kh2 Ke7
34. Kg3 Kf7 35. Rd6 f5 36. Kf3 f4 37. Ng4 Re1 38. Nh2 g5 39. g4 e4+ 40. Kg2 f3+
41. Nxf3 exf3+ 42. Kxf3 Kf6 43. Kg3 Ke5 44. Rd3 b6 45. b4 Bd5 46. Re3+ Rxe3+
47. fxe3 Ke4 48. Kf2 Kd3 49. a4 Kc3 50. b5 axb5 51. axb5 Bc4 52. Kf3 Bxb5 53.
Ke4 Bd3+ 54. Ke5 b5 55. e4 b4 56. Kf6 Bxe4 57. Ke5 Kd3 58. Kf6 b3 59. Kxg5 b2
60. h4 b1=Q 61. h5 Qc1+ 62. Kh4 h6 63. Kg3 Qg1+ 64. Kh3 Qf2 65. g5 Bf5# 0-1

[Event "5.Oldie Turnier"]
[Site "Klingenberg am Main"]
[Date "2009.04.18"]
[Round "3"]
[White "Brute Force, Saitek"]
[Black "Diamond, Novag"]
[Result "1-0"]
[WhiteElo "2062"]
[BlackElo "2159"]
[PlyCount "115"]
[EventDate "2009.04.18"]
[EventType "team-tourn"]
[EventCountry "GER"]

1. e4 c6 2. Nc3 d5 3. d4 dxe4 4. Nxe4 Bf5 5. Ng3 Bg6 6. Nf3 Nd7 7. Bd3 e6 8.
Bxg6 hxg6 9. c4 Bb4+ 10. Bd2 Qb6 11. c5 Bxd2+ 12. Qxd2 Qa6 13. Ne4 Nh6 14. Nd6+
Kf8 15. Ng5 e5 16. b4 exd4 17. Qxd4 Rd8 18. Qb2 b6 19. Qb3 Ne5 20. O-O-O bxc5
21. bxc5 Ra8 22. Rhe1 Nd7 23. Ngxf7 Nxc5 24. Qe3 Ne4 25. Nxh8 Nxd6 26. Nxg6+
Kg8 27. Ne7+ Kh8 28. Rxd6 Qc4+ 29. Kd1 Qa4+ 30. Qb3 Qg4+ 31. Re2 Qxg2 32. Qb7
Rg8 33. Nxg8 Nxg8 34. Qxc6 Qg1+ 35. Kd2 Qxh2 36. Rd7 Qf4+ 37. Kd3 Nf6 38. Rxa7
Qf5+ 39. Kc3 Kh7 40. a4 Qg5 41. a5 Qc1+ 42. Rc2 Qg5 43. a6 Qe5+ 44. Kc4 Qf4+
45. Kb3 Qd4 46. Rb7 Qd3+ 47. Ka2 Qf5 48. a7 Qa5+ 49. Kb3 Qa1 50. Qc8 Nd7 51.
Rxd7 Qb1+ 52. Rb2 Qg6 53. a8=Q Qe6+ 54. Rd5 Qxc8 55. Qxc8 g6 56. Qb7+ Kh6 57.
Qf7 g5 58. Rd6# 1-0

[Event "5.Oldie Turnier"]
[Site "Klingenberg am Main"]
[Date "2009.04.18"]
[Round "3"]
[White "D+ 8 MHz, Saitek"]
[Black "Kishon Chesster, Fidelity"]
[Result "1/2-1/2"]
[WhiteElo "2034"]
[BlackElo "1873"]
[PlyCount "53"]
[EventDate "2009.04.18"]
[EventType "team-tourn"]
[EventCountry "GER"]

1. e4 e5 2. Nc3 Nf6 3. f4 d5 4. fxe5 Nxe4 5. Nf3 Be7 6. Be2 O-O 7. d4 Nxc3 8.
bxc3 f6 9. O-O Nc6 10. Bf4 fxe5 11. Nxe5 Nxe5 12. Bxe5 Bd6 13. c4 Bxe5 14. dxe5
Be6 15. cxd5 Rxf1+ 16. Bxf1 Qxd5 17. Qxd5 Bxd5 18. c4 Be6 19. Kf2 Rd8 20. Rb1
b6 21. Ke3 c5 22. Rc1 Rd4 23. Be2 Bf5 24. Bf3 Be6 25. Be2 Bf5 26. Bf3 Be6 27.
Be2 {Frage des Kishon Chesster: "Wie wäre es mit einem Remis"?} 1/2-1/2

[Event "5.Oldie Turnier"]
[Site "Klingenberg am Main"]
[Date "2009.04.18"]
[Round "3"]
[White "Dallas 68020, Mephisto"]
[Black "Turquoise, Novag"]
[Result "1-0"]
[WhiteElo "2093"]
[BlackElo "2021"]
[PlyCount "120"]
[EventDate "2009.04.18"]
[EventType "team-tourn"]
[EventCountry "GER"]

1. Nf3 Nf6 2. c4 c5 3. g3 b6 4. d3 Bb7 5. Bg2 e6 6. Nc3 Be7 7. O-O O-O 8. e4 d6
9. Bf4 Nbd7 10. Qd2 a6 11. Ne2 Bc6 12. Rad1 b5 13. b3 Nh5 14. Be3 Nhf6 15. Bg5
h6 16. Bf4 Nh5 17. Be3 Nhf6 18. Qc3 Ng4 19. Bf4 Bf6 20. Qd2 e5 21. Be3 Nxe3 22.
Qxe3 Re8 23. Nc3 Qa5 24. Qd2 Qd8 25. Nd5 Bxd5 26. cxd5 Rb8 27. Rc1 Rb7 28. Rc2
Qb6 29. b4 cxb4 30. Rc6 Qa7 31. Qxb4 a5 32. Qd2 Nb8 33. Rcc1 Rc7 34. Rxc7 Qxc7
35. Rc1 Qd8 36. d4 Nd7 37. dxe5 Nxe5 38. Nxe5 Rxe5 39. Rc6 Re7 40. Qc1 Re8 41.
Ra6 Re7 42. Qa3 Rc7 43. Qxa5 Rc1+ 44. Bf1 Qxa5 45. Rxa5 b4 46. Ra4 Bc3 47. Kg2
g6 48. Bd3 Ra1 49. Ra8+ Kg7 50. Ra6 Bd4 51. Be2 Re1 52. Bb5 Bc5 53. f3 Rc1 54.
h4 Rc2+ 55. Kh3 Kf6 56. f4 Ke7 57. Ra8 Bd4 58. Ra4 Bc5 59. e5 Rc1 60. Ra8 Rh1+
1-0

[Event "5.Oldie Turnier"]
[Site "Klingenberg am Main"]
[Date "2009.04.18"]
[Round "3"]
[White "Lyon 68020, Mephisto"]
[Black "Sapphire II, Novag"]
[Result "1/2-1/2"]
[WhiteElo "2140"]
[BlackElo "2138"]
[PlyCount "64"]
[EventDate "2009.04.18"]
[EventType "team-tourn"]
[EventCountry "GER"]

1. e4 e5 2. Bc4 Nf6 3. d3 Nc6 4. Nf3 Be7 5. O-O O-O 6. c3 d6 7. Bb3 Na5 8. Bc2
c5 9. d4 cxd4 10. cxd4 Qc7 11. h3 Be6 12. Nc3 Rfc8 13. Ba4 Nc4 14. Bb3 Qa5 15.
Qd3 d5 16. exd5 Nxd5 17. dxe5 Nxe5 18. Nxe5 Nxc3 19. Bxe6 fxe6 20. Bd2 Qxe5 21.
Bxc3 Qd5 22. Qg3 Qg5 23. Qxg5 Bxg5 24. Rfe1 Kf7 25. Rad1 Rd8 26. b3 Rac8 27.
Rxd8 Bxd8 28. Bd4 Bf6 29. Bxa7 Ra8 30. Bc5 Rxa2 31. f3 Rc2 32. b4 Rd2 1/2-1/2

[Event "5.Oldie Turnier"]
[Site "Klingenberg am Main"]
[Date "2009.04.18"]
[Round "3"]
[White "MM V + HG 550, Mephisto"]
[Black "Star Ruby, Novag"]
[Result "1/2-1/2"]
[WhiteElo "1974"]
[BlackElo "2036"]
[PlyCount "115"]
[EventDate "2009.04.18"]
[EventType "team-tourn"]
[EventCountry "GER"]

1. d4 d5 2. c4 dxc4 3. Nf3 Nf6 4. e3 Bg4 5. Bxc4 e6 6. a3 h6 7. O-O Nbd7 8. Nc3
Bd6 9. e4 e5 10. Be2 O-O 11. dxe5 Nxe5 12. Nd4 c5 13. Nf5 Bxe2 14. Qxe2 Nc6 15.
Be3 Ne7 16. Nxd6 Qxd6 17. Rad1 Qc6 18. Qd3 Ng6 19. Nd5 Rfe8 20. Nxf6+ Qxf6 21.
Bxc5 Qxb2 22. Rb1 Qe5 23. Bd6 Rad8 24. Bxe5 Rxd3 25. Bg3 b6 26. Rb4 Rc8 27. Ra4
Rd7 28. f4 Rc2 29. f5 Ne7 30. h4 Rc5 31. Rf2 Rc1+ 32. Kh2 f6 33. Bf4 Rc5 34. g4
Kf7 35. g5 b5 36. Ra6 Rc6 37. Ra5 a6 38. Kg3 Rd3+ 39. Kg4 Rd4 40. Re2 g6 41.
fxg6+ Nxg6 42. Bg3 Re6 43. gxf6 Rexe4+ 44. Kf3 Rxe2 45. Kxe2 b4 46. axb4 Rxb4
47. Kd2 Rd4+ 48. Ke2 Re4+ 49. Kd3 Re6 50. Ra3 Kxf6 51. Kd4 Ne7 52. h5 Nc8 53.
Bh4+ Kf7 54. Rf3+ Kg7 55. Bf2 Rf6 56. Rxf6 Kxf6 57. Kc5 Ne7 58. Kb6 1/2-1/2

[Event "5.Oldie Turnier"]
[Site "Klingenberg am Main"]
[Date "2009.04.18"]
[Round "3"]
[White "Miami 24 MHz, Mephisto"]
[Black "Citrine, Novag"]
[Result "1-0"]
[WhiteElo "2100"]
[BlackElo "2049"]
[PlyCount "145"]
[EventDate "2009.04.18"]
[EventType "team-tourn"]
[EventCountry "GER"]

1. c4 c5 2. Nc3 Nc6 3. g3 {Miami letzter Buchzug} g6 4. Bg2 Bg7 {Citrine
letzter Buchzug} 5. d3 Nf6 6. Nf3 O-O 7. Bf4 d5 8. Ne5 Nxe5 9. Bxe5 dxc4 10.
dxc4 Qb6 11. Qc2 Rd8 12. O-O Qe6 13. Bxf6 Bxf6 14. Ne4 Rd4 15. b3 Qe5 16. Rfd1
Bg7 17. Rxd4 cxd4 18. Re1 Bf5 19. Rd1 h6 20. e3 dxe3 21. fxe3 Bg4 22. Rd4 f5
23. Nf2 Qxe3 24. Rd7 Qe1+ 25. Bf1 Bf3 26. Rd3 Bc6 27. Rd1 Qc3 28. Qxc3 Bxc3 29.
Bg2 Bxg2 30. Kxg2 Kf7 31. Rd3 Bf6 32. g4 f4 33. Kf3 g5 34. Ne4 Be5 35. Rd5 Bc7
36. Nc5 b6 37. Rf5+ Ke8 38. Ne6 Bb8 39. Ke4 Kd7 40. Kd5 Bd6 41. Rf7 Rh8 42. h3
a6 43. Rg7 a5 44. Rf7 Bb4 45. Rf5 Bd6 46. Rf7 Bb4 47. Rf5 Re8 48. Rf7 a4 49.
Rh7 f3 50. Rf7 Bd6 51. Rxf3 axb3 52. axb3 Bb4 53. Rf7 Bc3 54. Nf8+ Kc8 55. Kc6
Bd4 56. Ne6 Bg1 57. Rh7 Be3 58. Rxh6 Kb8 59. Kd7 Rg8 60. Rh7 Kb7 61. Rxe7 Kb8
62. Rh7 Rg6 63. Rh8+ Kb7 64. Ke7 Bf4 65. Rh5 Rg8 66. h4 Bg3 67. hxg5 Kc6 68.
Kf6 Kd6 69. g6 Rxg6+ 70. Kxg6 Kxe6 71. Kh7 Bd6 72. g5 Bf8 73. g6 {Aufgabe
durch den Bediener des Citrine} 1-0

[Event "5.Oldie Turnier"]
[Site "Klingenberg am Main"]
[Date "2009.04.18"]
[Round "3"]
[White "Milano, Mephisto"]
[Black "Academy, Mephisto"]
[Result "1/2-1/2"]
[WhiteElo "2022"]
[BlackElo "2023"]
[PlyCount "82"]
[EventDate "2009.04.18"]
[EventType "team-tourn"]
[EventCountry "GER"]

1. c4 e5 2. Nc3 Nf6 3. Nf3 Nc6 4. g3 Bb4 5. Bg2 O-O 6. O-O Re8 7. Nd5 Nxd5 8.
cxd5 Nd4 9. Nxd4 exd4 10. e4 c6 11. d3 cxd5 12. Qb3 Qa5 13. a3 Bd6 14. e5 Rxe5
15. Bf4 Re6 16. Bxd5 Bxf4 17. Bxe6 dxe6 18. gxf4 Qf5 19. f3 Qxf4 20. Qb5 Qd6
21. Rae1 Qc6 22. Qe5 Qb6 23. b4 f6 24. Qg3 a5 25. Rb1 e5 26. f4 exf4 27. Rxf4
axb4 28. Re4 Qd8 29. Rbe1 Bf5 30. Re7 Bg6 31. axb4 Qb6 32. Rc1 Qb5 33. Qc7 Kf8
34. Rd7 Qe5 35. Kh1 Qe3 36. Qc5+ Ke8 37. Rxg7 Qf3+ 38. Kg1 Qg4+ 39. Kh1 Qf3+
40. Kg1 Qg4+ 41. Kh1 Qf3+ 1/2-1/2

[Event "5.Oldie Turnier"]
[Site "Klingenberg am Main"]
[Date "2009.04.18"]
[Round "3"]
[White "Monte Carlo IV LE, Mephisto"]
[Black "Super Expert B 6 MHz, Novag"]
[Result "1/2-1/2"]
[WhiteElo "2006"]
[BlackElo "2035"]
[PlyCount "182"]
[EventDate "2009.04.18"]
[EventType "team-tourn"]
[EventCountry "GER"]

1. d4 e6 2. e4 d5 3. Nc3 Bb4 4. e5 c5 5. Bd2 Ne7 6. a3 Bxc3 7. Bxc3 b6 8. b4
Qc7 9. bxc5 bxc5 10. Bb5+ Bd7 11. Bxd7+ Nxd7 12. f4 O-O 13. Nf3 Rab8 14. O-O
Rfc8 15. Qd2 cxd4 16. Bb4 Nc5 17. Ba5 Qd7 18. Nxd4 Ne4 19. Qe3 Qa4 20. Bb4 a5
21. Bxe7 Rc3 22. Qe2 Qxd4+ 23. Kh1 Qa7 24. Bh4 Rb2 25. Rac1 Rxa3 26. Rfd1 Nc3
27. Qc4 Qb7 28. Qc5 Qb4 29. Qc8+ Qf8 30. Qxf8+ Kxf8 31. Rd2 Ne4 32. Re2 Raa2
33. g4 a4 34. Kg2 a3 35. f5 Nc3 36. Rf2 Ne4 37. Re2 Nc5 38. Rf2 exf5 39. gxf5
Ne4 40. Re2 g5 41. Bg3 Ke7 42. Kf3 h5 43. Be1 g4+ 44. Ke3 Nc5 45. Bc3 Rb5 46.
Rce1 Ne4 47. Ba1 Ng5 48. Rd1 Rb7 49. Bc3 Ne4 50. Ba1 Rb4 51. Rg2 Rc4 52. Rc1
Kd7 53. Rd1 Kc6 54. Rc1 Ng5 55. Kd3 h4 56. Rf1 h3 57. Re2 Re4 58. Rc1 Rxe2 59.
Kxe2 Nf3 60. Kf2 Nh4 61. f6 Ng6 62. Kg3 d4 63. e6 fxe6 64. Bxd4 e5 65. Be3 Kd6
66. Kxg4 Ke6 67. Bg5 e4 68. Kxh3 Kf5 69. Be3 Kxf6 70. Kg4 Ke5 71. h4 Ne7 72.
Bf4+ Kd4 73. h5 Nd5 74. h6 e3 75. Kg5 Nxf4 76. h7 Ne6+ 77. Kf6 Nc5 78. h8=Q Kc3
79. Qh2 Nd7+ 80. Ke6 Nc5+ 81. Kf5 Nb7 82. Qc7+ Kd2 83. Rh1 Rb2 84. Qc6 e2 85.
Qd5+ Kxc2 86. Re1 Rb5 87. Rxe2+ Kc3 88. Re3+ Kc2 89. Qxb5 Nd6+ 90. Ke5 Nxb5 91.
Rxa3 Nxa3 1/2-1/2

[Event "5.Oldie Turnier"]
[Site "Klingenberg am Main"]
[Date "2009.04.18"]
[Round "3"]
[White "Polgar, Mephisto"]
[Black "MM II, Mephisto"]
[Result "1-0"]
[WhiteElo "1984"]
[BlackElo "1846"]
[PlyCount "124"]
[EventDate "2009.04.18"]
[EventType "team-tourn"]
[EventCountry "GER"]

1. e4 c5 2. c3 d5 3. exd5 Qxd5 4. d4 e6 5. Nf3 Nf6 6. Na3 cxd4 7. Nb5 Qd8 8.
Qxd4 Qxd4 9. Nfxd4 Na6 10. Bf4 Ne4 11. f3 Nec5 12. Bc4 Na4 13. O-O-O Nb6 14.
Bb3 Nd7 15. Rhe1 Bc5 16. Nd6+ Bxd6 17. Bxd6 Ndc5 18. Bc4 Bd7 19. Nb5 Kd8 20.
Kc2 Kc8 21. h4 Bxb5 22. Bxb5 Nc7 23. Re5 N5a6 24. Bxa6 Nxa6 25. Re4 Rg8 26. Be5
Nb8 27. Rg4 g6 28. Rf4 Nc6 29. Bd6 f5 30. Rc4 a5 31. Be5 Rd8 32. Rd3 Rxd3 33.
Kxd3 Kd7 34. Rc5 b6 35. Rb5 Ra6 36. Bf4 h5 37. a4 Ne7 38. c4 Nc6 39. g3 Na7 40.
Be3 Nxb5 41. axb5 Ra8 42. Bxb6 a4 43. c5 a3 44. bxa3 Rxa3+ 45. Kd4 Rxf3 46. c6+
Kc8 47. Bc5 Rxg3 48. b6 Rb3 49. Ke5 Rb5 50. Kd4 e5+ 51. Kc4 Rb2 52. Kd5 e4 53.
b7+ Kb8 54. Bd6+ Ka7 55. Bf4 Rxb7 56. cxb7 Kxb7 57. Ke5 Kc6 58. Kf6 Kd5 59.
Kxg6 Kd4 60. Kxh5 e3 61. Bg3 f4 62. Bxf4 Kd5 1-0

[Event "5.Oldie Turnier"]
[Site "Klingenberg am Main"]
[Date "2009.04.18"]
[Round "3"]
[White "Polgar 25 MHz, Mephisto"]
[Black "Explorer Pro, Mephisto"]
[Result "1/2-1/2"]
[WhiteElo "2127"]
[BlackElo "2048"]
[PlyCount "91"]
[EventDate "2009.04.18"]
[EventType "team-tourn"]
[EventCountry "GER"]

1. e4 c6 2. d4 d5 3. Nc3 dxe4 4. Nxe4 Bf5 5. Ng3 Bg6 6. h4 h6 7. h5 Bh7 8. Nf3
e6 9. Bd3 Nf6 10. Bxh7 Rxh7 11. Bf4 Qb6 12. b3 Bb4+ 13. Bd2 Nbd7 14. a3 Bxd2+
15. Qxd2 Rh8 16. O-O-O O-O-O 17. Kb2 Rhe8 18. Rhe1 Ng4 19. Qf4 Ndf6 20. Ne5 Qc7
21. c3 Rd7 22. Ne4 Nxe5 23. dxe5 Rxd1 24. Rxd1 Nxe4 25. Qxe4 Rd8 26. Rd4 Rxd4
27. cxd4 Kd7 28. Qg4 Qa5 29. b4 Qd5 30. f3 b6 31. Qxg7 Qxd4+ 32. Kc2 Qc4+ 33.
Kd1 Qd3+ 34. Ke1 Qe3+ 35. Kf1 Ke7 36. Qf6+ Ke8 37. Qh8+ Kd7 38. Qb8 Qc1+ 39.
Kf2 Qd2+ 40. Kg1 Qe1+ 41. Kh2 Qh4+ 42. Kg1 Qd4+ 43. Kh1 Qh4+ 44. Kg1 Qe1+ 45.
Kh2 Qh4+ 46. Kg1 1/2-1/2

[Event "5.Oldie Turnier"]
[Site "Klingenberg am Main"]
[Date "2009.04.18"]
[Round "3"]
[White "Scorpio 68000, Novag"]
[Black "Champion 2250XL, RadioShack"]
[Result "1/2-1/2"]
[WhiteElo "2059"]
[BlackElo "2118"]
[PlyCount "95"]
[EventDate "2009.04.18"]
[EventType "team-tourn"]
[EventCountry "GER"]

1. d4 d5 2. Nf3 e6 3. Bf4 Nf6 4. e3 c5 5. Bxb8 Rxb8 6. c4 Qb6 7. Qc2 cxd4 8.
exd4 Bb4+ 9. Nc3 dxc4 10. Bxc4 Bd7 11. O-O-O Rc8 12. Ne5 Bd6 13. Nxd7 Bf4+ 14.
Kb1 Nxd7 15. Bd3 Bd6 16. d5 Be5 17. dxe6 fxe6 18. Bb5 O-O 19. f4 Rxf4 20. Bxd7
Rxc3 21. Qe2 Rc5 22. Rhe1 Rb4 23. Rd2 g6 24. Qf2 Rf4 25. Bxe6+ Kh8 26. Qe3 Rf6
27. Bb3 Bd6 28. Qh6 Re5 29. Rc1 Rc5 30. Rxc5 Qxc5 31. Qh4 Rf1+ 32. Rd1 Qf5+ 33.
Ka1 Qd3 34. Qd8+ Kg7 35. Qd7+ Kh6 36. Qg4 Rxd1+ 37. Bxd1 Qe3 38. a3 Bxh2 39.
Qh4+ Kg7 40. Qxh2 Qc1+ 41. Ka2 Qxd1 42. Qc7+ Kf6 43. Qxb7 Ke6 44. Qe4+ Kd6 45.
Qb4+ Ke6 46. Qe4+ Kd6 47. Qb4+ Ke6 48. Qe4+ 1/2-1/2

[Event "5.Oldie Turnier"]
[Site "Klingenberg am Main"]
[Date "2009.04.18"]
[Round "4"]
[White "Academy, Mephisto"]
[Black "Sapphire II, Novag"]
[Result "1/2-1/2"]
[WhiteElo "2023"]
[BlackElo "2138"]
[PlyCount "105"]
[EventDate "2009.04.18"]
[EventType "team-tourn"]
[EventCountry "GER"]

1. e4 (1. e3) 1... e5 2. Nf3 Nc6 3. d4 exd4 4. Bc4 Nf6 5. O-O Nxe4 6. Re1 d5 7.
Bxd5 Qxd5 8. Nc3 Qa5 9. Nxe4 Be6 10. Neg5 O-O-O 11. Nxe6 fxe6 12. Rxe6 Bd6 13.
Qe2 Qh5 14. h3 Rhe8 15. Bd2 Ne5 16. Rxe8 Rxe8 17. Nxd4 Qxe2 18. Nxe2 Nc4 19.
Be3 Nxb2 20. Re1 Nc4 21. Nd4 Bb4 22. Re2 Nxe3 23. Rxe3 Rxe3 24. fxe3 Kd7 25.
Kf2 c5 26. Nf3 Bc3 27. Ng5 h6 28. Ne4 Bb4 29. c3 Ba3 30. Kf3 b5 31. Kf4 Ke6 32.
Ng3 g6 33. h4 a5 34. Ne4 Kd5 35. Nd2 c4 36. e4+ Kc5 37. Nb1 Bc1+ 38. Kg4 b4 39.
h5 b3 40. a4 gxh5+ 41. Kf5 Bg5 42. Ke6 b2 43. e5 Kc6 44. Kf7 Kd7 45. e6+ Kd8
46. Kf8 Be7+ 47. Kf7 h4 48. Nd2 Bd6 49. Nb1 Bc5 50. Nd2 h5 51. Nb1 Bd6 52. Nd2
Be7 53. Nb1 1/2-1/2

[Event "5.Oldie Turnier"]
[Site "Klingenberg am Main"]
[Date "2009.04.18"]
[Round "4"]
[White "Champion 2250XL, RadioShack"]
[Black "Star Ruby, Novag"]
[Result "1-0"]
[WhiteElo "2118"]
[BlackElo "2036"]
[PlyCount "111"]
[EventDate "2009.04.18"]
[EventType "team-tourn"]
[EventCountry "GER"]

1. e4 e5 2. Nc3 Nf6 3. f4 d5 4. fxe5 Nxe4 5. Qf3 f5 6. exf6 Nxf6 7. Qg3 c5 8.
Nf3 Bf5 9. Bb5+ Nc6 10. Qe5+ Qe7 11. O-O Bxc2 12. Nxd5 Qxe5 13. Nxe5 Nxd5 14.
Nxc6 a6 15. Re1+ Kf7 16. Ne5+ Kg8 17. Bc4 Rd8 18. Ng4 Bg6 19. Ne3 Bf7 20. a4
Nb6 21. Bxf7+ Kxf7 22. a5 Nd7 23. b3 Bd6 24. Ba3 Be5 25. Rab1 Rhe8 26. b4 cxb4
27. Bxb4 Rc8 28. Ba3 Rb8 29. Nf5 Kg6 30. g4 b5 31. axb6 Rxb6 32. Rxb6+ Nxb6 33.
Kg2 Nc4 34. Bc1 Kf7 35. Re4 Nb6 36. d4 Bc7 37. Rxe8 Kxe8 38. Nxg7+ Kf7 39. Nh5
Nc4 40. Bh6 Ke6 41. h4 Kd5 42. Nf6+ Kxd4 43. h5 Ne5 44. Bg7 Kc4 45. g5 Nd3 46.
h6 Nf4+ 47. Kf3 Ne6 48. Nxh7 Bd6 49. g6 Nf4 50. Bf8 Nxg6 51. Bxd6 Kd5 52. Nf8
Nh8 53. Ba3 Nf7 54. h7 a5 55. Ke3 Kc4 56. Bb2 1-0

[Event "5.Oldie Turnier"]
[Site "Klingenberg am Main"]
[Date "2009.04.18"]
[Round "4"]
[White "Dallas 68020, Mephisto"]
[Black "Lyon 68020, Mephisto"]
[Result "1-0"]
[WhiteElo "2093"]
[BlackElo "2140"]
[PlyCount "129"]
[EventDate "2009.04.18"]
[EventType "team-tourn"]
[EventCountry "GER"]

1. e4 c5 2. Nf3 d6 3. d4 cxd4 4. Qxd4 a6 5. Be3 Nc6 6. Qd2 Nf6 7. Nc3 g6 8.
O-O-O Bg4 9. Be2 Bg7 10. h3 Bxf3 11. Bxf3 O-O 12. Kb1 Qc7 13. Be2 b5 14. g4 Qb7
15. f3 Ne5 16. g5 Nh5 17. Qd5 Nc6 18. h4 Bxc3 19. bxc3 Ng3 20. Rh2 Rfd8 21. f4
b4 22. c4 Nxe2 23. Rxe2 e6 24. Qd2 Ne7 25. Qd4 Qc7 26. Red2 Nc6 27. Qb6 Qxb6
28. Bxb6 Rdc8 29. Rxd6 e5 30. Rf1 exf4 31. c5 Ne5 32. Rxf4 Re8 33. Rd4 Nc6 34.
Rd5 a5 35. Rf6 Ne5 36. Kc1 Nc4 37. Rd4 Ne3 38. c6 Ng4 39. Rf4 Ne5 40. c7 Rac8
41. Kb1 a4 42. Rxb4 Re6 43. Rf6 Nd7 44. Rxe6 fxe6 45. Ba5 Kf7 46. Rc4 Ne5 47.
Rxa4 Ke7 48. Kb2 Ke8 49. Bb6 Nd7 50. Ra6 Nxb6 51. Rxb6 Kd7 52. Rb7 Kc6 53. Rb3
Kd6 54. Rc3 Rxc7 55. e5+ Kd7 56. Rxc7+ Kxc7 57. Kb3 Kb6 58. Kb4 Kc6 59. a4 Kb6
60. c4 Kc6 61. a5 Kb7 62. Kb5 Kc7 63. a6 Kc8 64. Kb6 Kd7 65. a7 1-0

[Event "5.Oldie Turnier"]
[Site "Klingenberg am Main"]
[Date "2009.04.18"]
[Round "4"]
[White "Designer 2325, Fidelity"]
[Black "Polgar, Mephisto"]
[Result "1-0"]
[WhiteElo "2156"]
[BlackElo "1984"]
[PlyCount "141"]
[EventDate "2009.04.18"]
[EventType "team-tourn"]
[EventCountry "GER"]

1. d4 Nf6 2. c4 g6 3. Nc3 Bg7 4. e4 d6 5. Nf3 O-O 6. Be2 e5 7. O-O Nc6 8. d5
Ne7 9. Ne1 Nd7 10. f3 f5 11. Nd3 f4 12. Bd2 a5 13. Qb3 Bf6 14. c5 Rf7 15. Na4
Bh4 16. cxd6 cxd6 17. Rac1 b6 18. Nf2 Rb8 19. Ng4 Bg5 20. Bb5 Nc5 21. Qc4 Bxg4
22. fxg4 Rf8 23. Kh1 Rc8 24. b3 Ne6 25. Qd3 Nd4 26. Rxc8 Qxc8 27. Nxb6 Qc5 28.
Nd7 Qxb5 29. Qxb5 Nxb5 30. Nxf8 Kxf8 31. Bxa5 Na7 32. a4 Ng8 33. Rc1 f3 34. Rf1
Kg7 35. gxf3 Be3 36. Re1 Bd4 37. Rc1 Ne7 38. Bb4 Nec8 39. Rc7+ Kh6 40. Bd2+ g5
41. h4 Kg6 42. hxg5 Bf2 43. a5 Bd4 44. Kg2 Bc5 45. b4 Bd4 46. Kf1 Nb6 47. axb6
Bxb6 48. Rb7 Bd4 49. Ke2 Bg1 50. f4 exf4 51. Bxf4 Nc8 52. Kd3 Bf2 53. Rb8 Nb6
54. Rd8 Bg1 55. Rxd6+ Kf7 56. Rc6 Kg7 57. Rc7+ Kg6 58. d6 Bf2 59. d7 Nxd7 60.
Rxd7 Be1 61. b5 Bf2 62. b6 Bxb6 63. Rd6+ Kf7 64. Rxb6 Kg7 65. Rb7+ Kh8 66. e5
Kg8 67. e6 Kf8 68. Bd6+ Kg8 69. Rb8+ Kg7 70. Be5+ Kg6 71. Rg8# 1-0

[Event "5.Oldie Turnier"]
[Site "Klingenberg am Main"]
[Date "2009.04.18"]
[Round "4"]
[White "Diamond, Novag"]
[Black "Monte Carlo IV LE, Mephisto"]
[Result "1-0"]
[WhiteElo "2159"]
[BlackElo "2006"]
[PlyCount "137"]
[EventDate "2009.04.18"]
[EventType "team-tourn"]
[EventCountry "GER"]

1. e4 e5 2. Nf3 Nf6 3. d4 Nxe4 4. Bd3 d5 5. Nxe5 Bd6 6. O-O O-O 7. c4 Bxe5 8.
dxe5 Nc6 9. Bf4 Nb4 10. Na3 Bf5 11. Bb1 c6 12. Qe1 Qb6 13. Be3 d4 14. Bxe4 Bxe4
15. c5 Qxc5 16. Bd2 Nc2 17. Qxe4 Nxa1 18. b4 Qd5 19. Qxd5 cxd5 20. Rxa1 Rae8
21. Nb5 Rxe5 22. Nxd4 Rc8 23. Rd1 Rc4 24. Nf3 Re6 25. a3 Ra6 26. Bc1 f6 27. Nd4
Kf7 28. Kf1 g6 29. Ke2 Ke7 30. Kd3 Kd6 31. Bb2 f5 32. Re1 Rb6 33. Re8 Kd7 34.
Re5 Kd6 35. f4 h6 36. Re8 Kd7 37. Rh8 h5 38. Rh7+ Kd8 39. Rf7 Rc7 40. Rf8+ Ke7
41. Rg8 Rc4 42. Rg7+ Kd8 43. Rh7 Rc7 44. Rh8+ Ke7 45. Bc3 a6 46. Nb3 Rc4 47.
Bd4 Rb5 48. Ba7 Rxf4 49. Nd4 Kf6 50. Nxb5 axb5 51. Bd4+ Ke6 52. h3 Rf1 53. Rg8
Rd1+ 54. Kc3 Ra1 55. Rxg6+ Kd7 56. Bc5 Ra2 57. Kd4 f4 58. Kxd5 Rxa3 59. Rg7+
Kc8 60. Ke4 Rg3 61. Rxg3 fxg3 62. Bd6 Kd7 63. Kd5 Kd8 64. Ke6 Kc8 65. Bxg3 Kd8
66. Bh4+ Kc8 67. g4 hxg4 68. hxg4 b6 69. Kd6 1-0